00404 2200157 4500001002100000005001500021035002000036245006000056100001100116300002600127260003700153082000800190084001400198020002200212990001200234INLIS00000000000309020250930101450 a0010-09250004371 aEmpat Pilar Kehidupan Berbangsa dan Bernegara /cMPR RI0 aMPR RI a214 hlm ;c14 x 20 cm aJakarta :bSekjen. MPR RI,c2012 a320 a320 MPR e a978-602-9053-26-5 a0755536